مكتبة جامعة عجلون الوطنية

فهرس بحث المكتبة

Normal view MARC view
  • مركز الرتوة للدراسات والاستشارات

Entry Personal Name

Number of records used in: 1

001 - CONTROL NUMBER

  • control field: 56738

003 - CONTROL NUMBER IDENTIFIER

  • control field: JO-AjAnu

005 - DATE AND TIME OF LATEST TRANSACTION

  • control field: 20230606083309.0

008 - FIXED-LENGTH DATA ELEMENTS

  • fixed length control field: 230606|| aca||aabn | a|a d

040 ## - CATALOGING SOURCE

  • Original cataloging agency: JO-AjAnu
  • Transcribing agency: JO-AjAnu

100 ## - HEADING--PERSONAL NAME

  • Personal name: مركز الرتوة للدراسات والاستشارات

670 ## - SOURCE DATA FOUND

  • Source citation: Work cat.: (JO-AjAnu)28953: مركز الرتوة للدراسات والاستشارات, author, وقائع ندوة الحوار الفكري حول التنمية المستدامة 2015- 2030 ( اجندة دولية ام ضرورة وطنية)